00486nam a22001817a 450000500170000000800410001704100080005808200110006610000290007724500730010626000090017930000170018865000150020565000120022065000230023265000240025565000250027920210305111710.0210303b xxu||||| |||| 00| 0 spa d aspa aTU 128 aBrizuela Irola, Carolina aInforme de práctica supervisada realizada en Intebus de Costa Rica c2018 a61 páginas aCOSTA RICA aTURISMO aEMPRESA INTERBUSES aDESARROLLO OPERTIVO aAGENCIA DE TRANPORTE